A à Z Retrouvez le mot manquant dans ces expressions anciennes - Statistiques

Statistiques générales
  • Ce quiz a été pris 344 fois
  • Le résultat moyen est 12 sur 23
Statistiques - réponses
Lettre Expression Réponse % Correct
O Vendre la peau de l'(...) avant de l'avoir tué ours
95%
H L'(...) ne fait pas le moine habit
94%
B Dire des messes (...) basses
89%
U (..) tiens vaut mieux que deux tu l'auras Un
84%
V Mettre de l'eau dans son (...) vin
84%
S Trois francs six (...) sous
82%
D Avoir un nom à coucher (...) dehors
75%
L Y'a pas le feu au (...) lac
74%
Q A (...) mieux mieux qui
72%
Z C'est un (...) en chiffre zéro
60%
M Se faire du (...) mouron
54%
J (...) le bébé avec l'eau du bain Jeter
53%
F Conter (...) fleurette
45%
I A l'(...) nul n'est tenu impossible
36%
P Regagner ses (...) pénates
33%
A Faire le pot à deux (...) anses
30%
G Trainer ses (...) guêtres
26%
E Faire ses (...) emplettes
24%
N Se casser la (...) nénette
23%
C Déménager à la (...) de bois cloche
13%
R Faire de la (...) dans les journaux réclame
7%
T S'enluminer la (...) trogne
2%
Y (...) de la truffe Yoyoter
2%
Aucun quiz correspondant
Distribution des résultats
% des personnes avec chaque résultat
Percentile par nombre de réponses
Votre historique - résultats
Vous n’avez pas pris ce quiz